'N' Sorting Gallery Quiz Stats

 Plays Quiz Updated Jul 30, 2019

Support Sporcle.
Go Orange.
Score 0/55 Timer 04:00
1 Play Today
% Correct
New Zealand
94.8%
Netherlands
94.7%
Namibia
94.2%
Nigeria
93.7%
Nepal
92.6%
Norway
92.5%
North Korea
92.1%
New Jersey
91.7%
Nicaragua
91.6%
New York
91.6%
New Mexico
91.5%
North Carolina
91.4%
North Dakota
91.2%
Nebraska
90.5%
Nevada
90.2%
Neptunium
89.9%
Nairobi
89.9%
New Delhi
89.6%
Nitrogen
89.4%
Niobium
89.2%
Nihonium
89.2%
Nein
88.6%
Nobelium
88.3%
Niger
88.1%
Nirvana
87%
Nickel
86.9%
Neodymium
86.5%
Non
86.4%
% Correct
Nine Inch Nails
86.3%
Nej
86.2%
Nee
85.5%
Nassau
85.5%
Neon
85.2%
No Doubt
84.8%
Nets
84.1%
Não
84.1%
Nadal
84%
Nationals
83.4%
Navratilova
83%
Nuggets
82.5%
NOFX
77.2%
Nehemiah
76.7%
Neptune
76.5%
Novotna
72.1%
N'Djamena
70.2%
Nicosia
69.5%
Newcombe
69.3%
Nauru
66.4%
Năstase
63.9%
Ngerulmud
61.5%
Naypyidaw
60.3%
Nouakchott
60.2%
Niamey
52.1%
Noah
51.2%
Nahum
36.6%

You're not logged in!

Compare scores with friends on all Sporcle quizzes.
OR
Log In

From the Vault

Emmy - Writing (Comedy)

by noldcw

Am I the only one who thinks that the Emmys should have a trivia category?
Remove Ads.
Support Sporcle.
Get the best of Sporcle when you Go Orange. This ad-free experience offers more features, more stats, and more fun while also helping to support Sporcle. Thank you for becoming a member.

Show Comments

Extras

Top Quizzes Today


Score Distribution

Your Account Isn't Verified!

In order to create a playlist on Sporcle, you need to verify the email address you used during registration. Go to your Sporcle Settings to finish the process.

Report this User

Report this user for behavior that violates our Community Guidelines.

Details: